Shadows Of Evil All Guns and Perks Quiz - Statistics

General Stats
  • This quiz has been taken 3 times
  • The average score is 3 of 30
Answer Stats
Hint Answer % Correct
Shotgun Krm-262
67%
WonderWeapon Apothicon Servant
33%
Assault HVK-30
33%
Assault Kn-44
33%
Perk Quick Revive
33%
WonderWeapon Ray Gun
33%
Pistol RK5
33%
SMG Vesper
33%
Shotgun 205 Brecci
0%
Shotgun Argus
0%
Pistol Bloodhound
0%
SMG Bootlegger
0%
Perk Double Tap Root Beer
0%
Sniper Drakon
0%
Lethal Frag Gernades
0%
Shotgun Haymaker 12
0%
Assault ICR-1
0%
Perk Juggernog
0%
SMG Kuda
0%
Pistol LCAR-9
0%
Sniper Locus
0%
Assault M8A7
0%
Perk Mule Kick
0%
Assault Pharo
0%
Assault Shieva
0%
Perk Speed Cola
0%
Perk Stamin-Up
0%
Sniper SVG-100
0%
Perk Widows Wine
0%
Assault XR2
0%
No matching quizzes found
Score Distribution
Percent of People with Each Score
Percentile by Number Answered
Your Score History
You have not taken this quiz